Tình hình phát triển làng nghề đúc đồng Tống Xá huyện Ý Yên – tỉnh Nam Định. Một số giải pháp phát triển theo xu hướng bền vững

Cơ sở lí luận và thực tiễn. Tình hình phát triển làng nghề đúc đồng Tống Xá - huyện Ý Yên – tỉnh Nam Định. Một số giải pháp phát triển làng nghề đúc đồng Tống Xá huyện Ý Yên – tỉnh Nam Định theo xu hướng phát triển bền vững...

Cijeli opis

Spremljeno u:
Bibliografski detalji
Glavni autor: Trần Thị Hồng Liên
Daljnji autori: Hoàng Thị Diệu Huyền (Hướng dẫn)
Format: Knjiga
Izdano: Đà Nẵng Đại học Sư phạm, Đại học Đà Nẵng 2012
Teme:
Oznake: Dodaj oznaku
Bez oznaka, Budi prvi tko označuje ovaj zapis!
Thư viện lưu trữ: Mạng thư viện Đại học Đà Nẵng
LEADER 01951nam a2200337 4500
001 000017119
003 13531
005 20130312080308.0
008 130312s2012 sd
082 |a 338.6425  |b TR-L 
100 1 |a Trần Thị Hồng Liên 
245 |a Tình hình phát triển làng nghề đúc đồng Tống Xá huyện Ý Yên – tỉnh Nam Định. Một số giải pháp phát triển theo xu hướng bền vững  |c Trần Thị Hồng Liên; Hoàng Thị Diệu Huyền hướng dẫn  |k Khóa luận tốt nghiệp 
260 |a Đà Nẵng  |b Đại học Sư phạm, Đại học Đà Nẵng  |c 2012 
300 |a 67 tr.,  |b Bản đồ, hình ảnh mh.  |c 29 cm.  |e Đĩa CD 
500 |a Khóa luận tốt nghiệp đại học. Chuyên ngành: Sư phạm Địa Lý 
504 |a Mục lục đầu trang, tài liệu tham khảo tr. 73 - 74, phụ lục [13 tr.] 
520 |a Cơ sở lí luận và thực tiễn. Tình hình phát triển làng nghề đúc đồng Tống Xá - huyện Ý Yên – tỉnh Nam Định. Một số giải pháp phát triển làng nghề đúc đồng Tống Xá huyện Ý Yên – tỉnh Nam Định theo xu hướng phát triển bền vững 
600 1 4 |b Vua  |c Đinh Tiên Hoàng 
650 0 4 |a Văn hóa làng nghề dân gian  |v Khóa luận tốt nghiệp  |x Nghiên cứu  |z Nam Định 
653 |a Khoa Địa Lý  |a Đúc đồng  |a Làng nghề 
700 |a Hoàng Thị Diệu Huyền  |e Hướng dẫn 
OWN |a LSP 
AVA |a UDN50  |b LSP  |d 338.6425 TR-L  |e available  |t Error 5001 Not defined in file expand_doc_bib_avail.  |f 1  |g 0  |h N  |i 0  |k 1 
999 |a From the UDN01 
AVA |a UDN50  |b LSP  |d 338.6425 TR-L  |e available  |t Error 5001 Not defined in file expand_doc_bib_avail.  |f 1  |g 0  |h N  |i 0  |k 1 
TYP |a Monograph 
TYP |a Printed language 
980 |a Mạng thư viện Đại học Đà Nẵng